书目信息 |
| 题名: |
遗传学实验
|
|
| 作者: | 刘祖洞 编 | |
| 分册: | ||
| 出版信息: | 北京 高等教育出版社 1985.04 |
|
| 页数: | 103页 | |
| 开本: | 32开 | |
| 丛书名: | ||
| 单 册: | ||
| 中图分类: | Q3-3 | |
| 科图分类: | ||
| 主题词: | 遗传学--研究方法 , 实验遗传学 | |
| 电子资源: | ||
| ISBN: | ||
| 000 | 00546nam0 2200205 45 | |
| 001 | 0006201575 | |
| 005 | 20000620150859.3 | |
| 010 | @d0.63元 | |
| 100 | @a20000620d1985 km y0chiy0120 ea | |
| 101 | 0 | @achi |
| 105 | @a z 000yy | |
| 200 | 1 | @a遗传学实验@AYi Chuan Xue Shi Yan@f刘祖洞编@FLiu Zu Dong Bian |
| 210 | @a北京@c高等教育出版社@d1985.04 | |
| 215 | @a103页@d32开 | |
| 606 | 0 | @a遗传学@x研究方法 |
| 606 | 0 | @a实验遗传学 |
| 690 | @aQ3-3@v3 | |
| 701 | 0 | @a刘祖洞@4编 |
| 801 | @aCN@bPftUser@c20000620 | |
| 905 | @b208477-481@dQ3-3@eL206@f5 | |
| 遗传学实验/刘祖洞编.-北京:高等教育出版社,1985.04 |
| 103页;32开 |
| ISBN :0.63元 |
| ● |
| 相关链接 |
|
|
|
正题名:遗传学实验
索取号:Q3-3/L206
 
预约/预借
| 序号 | 登录号 | 条形码 | 馆藏地/架位号 | 状态 | 备注 |
| 1 | 208477 | 202084779 | 自科库401/401自科库 27排2列1层/ [索取号:Q3-3/L206] | 在馆 | |
| 2 | 208478 | 202084788 | 自科库401/401自科库 27排2列1层/ [索取号:Q3-3/L206] | 在馆 | |
| 3 | 208479 | 202084797 | 自科库401/401自科库 27排2列1层/ [索取号:Q3-3/L206] | 在馆 | |
| 4 | 208480 | 202084804 | 自科库401/401自科库 27排2列1层/ [索取号:Q3-3/L206] | 在馆 | |
| 5 | 208481 | 202084813 | 自科库401/401自科库 27排2列1层/ [索取号:Q3-3/L206] | 在馆 |